000 00547nam a2200229Ia 4500
003 OSt
005 20220912153013.0
006 a|||||r|||| 00| 0
007 ta
008 220909b |||||||| |||| 00| 0 eng d
024 _a26332
037 _cTextual
040 _aCSL
_beng
_cCSL
041 _aeng
082 _aC216:8, K0.1
100 _aBuerger Martin J
245 0 _aCrystal strcture analysis
260 _c1960
300 _ap.
_ccm.
942 _hC216:8, K0.1
_cTEXL
_2CC
999 _c95882
_d95882